| 000 | 00652nam a22002057a 4500 | ||
|---|---|---|---|
| 003 | NUST - PNEC | ||
| 005 | 20170116180809.0 | ||
| 008 | 150427b xxu||||| |||| 00| 0 eng d | ||
| 020 | _a9693518853 | ||
| 020 | _a9789693518856 | ||
| 040 | _cLIBRARY | ||
| 082 | _a370 ASH | ||
| 100 |
_93228 _aAshfaq Ahmed |
||
| 245 |
_aZaviya-3 _cAshfaq Ahmed |
||
| 260 |
_aLahore: _bSang-e-Meel Publications; _c2015 |
||
| 300 |
_a320 p. : _c25 cm. |
||
| 650 |
_916312 _aIslam-Spirtuslism _xGeneral |
||
| 856 | _uhttp://www.amazon.com/Zaawia-Vol-Urdu-Ashfaq-Ahmad/dp/9693518853/ref=sr_1_1?s=books&ie=UTF8&qid=1454999838&sr=1-1&keywords=9693518853 | ||
| 942 |
_2ddc _cBK |
||
| 999 |
_c63315 _d63315 |
||